000 00533nam a2200133Ia 4500
008 100328s9999 xx 000 0 und d
082 _b68240
100 _aबोर्जेस जॉन्सन-अनु.
245 _aकृतिबद्ध आपत्ती व्यवस्थापन.
260 _bडायमंड.
630 _aकृतिबद्ध आपत्ती व्यवस्थापन.
730 _aकृतिबद्ध आपत्ती व्यवस्थापन.
942 _cBOOK
999 _c553979
_d553976